Prelude to empire Babylonian society and politics, 747-626 B.C
Main Author:
Format: Book
Language: Undetermined
Published:
Philadelphia
Babylonian Fund, Uni Museum
1984
Subjects:
Tags: Add Tag
Call Number: (x) DS73 .7. B85
| LEADER | 00538nam a2200145Ia 4500 | ||
|---|---|---|---|
| 008 | 221124s9999||||xx |||||||||||||| ||und|| | ||
| 020 | |a 093-471-8628 | ||
| 050 | 4 | |a (x) DS73 .7. B85 | |
| 100 | 1 | |a J. A. Brinkman | |
| 245 | 1 | 0 | |a Prelude to empire |b Babylonian society and politics, 747-626 B.C |
| 264 | 1 | |a Philadelphia |b Babylonian Fund, Uni Museum |c 1984 | |
| 650 | 4 | |a Babylonia -- History | |
| 942 | |2 lcc |c BK | ||
| 952 | |0 0 |1 0 |2 lcc |4 0 |7 1 |9 44014 |a ARCE |b ARCE |d 2022-11-24 |l 0 |o (x) DS73 .7. B85 |p 1032611 |r 2022-11-24 00:00:00 |w 2022-11-24 |y BK | ||
| 999 | |c 50471 |d 50471 | ||
